Loading...
| Current Events | 2 | 30.00 | 100% | 100% | 100% |
| Fine Arts - Classical Music | 4 | 25.00 | 100% | 75% | 75% |
| Fine Arts - Other | 6 | 20.00 | 83% | 100% | 17% |
| Fine Arts - Painting and Sculpture | 4 | 22.50 | 100% | 100% | 25% |
| Geography | 2 | 25.00 | 100% | 100% | 50% |
| History - American | 6 | 26.67 | 100% | 83% | 83% |
| History - European | 8 | 22.50 | 100% | 75% | 50% |
| History - Other | 7 | 24.29 | 100% | 100% | 43% |
| History - World | 8 | 22.50 | 100% | 88% | 38% |
| Literature - American | 6 | 15.00 | 83% | 67% | 0% |
| Literature - British | 7 | 15.71 | 86% | 57% | 14% |
| Literature - European | 9 | 18.89 | 89% | 67% | 33% |
| Literature - World | 5 | 18.00 | 80% | 100% | 0% |
| Mythology | 5 | 22.00 | 100% | 100% | 20% |
| Philosophy | 3 | 16.67 | 100% | 67% | 0% |
| Popular Culture | 5 | 28.00 | 100% | 100% | 80% |
| Religion | 3 | 23.33 | 100% | 100% | 33% |
| Science - Biology | 5 | 16.00 | 80% | 80% | 0% |
| Science - Chemistry | 4 | 17.50 | 100% | 75% | 0% |
| Science - Other | 6 | 23.33 | 100% | 83% | 50% |
| Science - Physics | 6 | 15.00 | 100% | 50% | 0% |
| Social Science | 3 | 23.33 | 100% | 100% | 33% |